ბათუმის შოთა რუსთაველის სახელმწიფო უნივერსიტეტის ბიბლიოთეკა

The Mediterranean Dimension of the European Union's Internal Security / (ბიბ.ჩანაწერი № 53678)

000 -LEADER
fixed length control field 01007nam a2200265Ia 4500
001 - CONTROL NUMBER
control field 20725
003 - CONTROL NUMBER IDENTIFIER
control field GE_BSU
005 - DATE AND TIME OF LATEST TRANSACTION
control field 20221114120526.0
008 - FIXED-LENGTH DATA ELEMENTS--GENERAL INFORMATION
fixed length control field 181216s2012||||xx |||||||||||||| ||eng||
020 ## - INTERNATIONAL STANDARD BOOK NUMBER
International Standard Book Number 9780230299931x
040 ## - CATALOGING SOURCE
Transcribing agency GE_BSU
041 ## - LANGUAGE CODE
Language code of text/sound track or separate title eng
080 ## - UNIVERSAL DECIMAL CLASSIFICATION NUMBER
Universal Decimal Classification number 327 W-81
100 ## - MAIN ENTRY--PERSONAL NAME
Personal name Wolff, Sarah
9 (RLIN) 10432
245 #4 - TITLE STATEMENT
Title The Mediterranean Dimension of the European Union's Internal Security /
Statement of responsibility, etc. Sarah Wolff.
264 ## - PRODUCTION, PUBLICATION, DISTRIBUTION, MANUFACTURE, AND COPYRIGHT NOTICE
Place of production, publication, distribution, manufacture London :
Name of producer, publisher, distributor, manufacturer Palgrave macmillan,
Date of production, publication, distribution, manufacture, or copyright notice 2012.
300 ## - PHYSICAL DESCRIPTION
Extent 273 p. 22cm.
500 ## - GENERAL NOTE
General note Bibl. : p.235-262
500 ## - GENERAL NOTE
General note Index. : p.263-273
653 ## - INDEX TERM--UNCONTROLLED
keyword The Mediterranean Dimension of the European Union's Internal Security
653 ## - INDEX TERM--UNCONTROLLED
keyword Средиземноморское измерение внутренней безопасности Европейского союза
653 ## - INDEX TERM--UNCONTROLLED
keyword შიდა უსაფრთხოების შიდა ხმელთაშუა ზღვის განზომილება
942 ## - ADDED ENTRY ELEMENTS (KOHA)
Koha item type წიგნი
Source of classification or shelving scheme
ეგზემპლარები
Withdrawn status Lost status Source of classification or shelving scheme Damaged status Not for loan Permanent Location Current Location Shelving location Date acquired Cost, normal purchase price Full call number Barcode Date last seen Copy number Price effective from Koha item type Public note
          ბათუმის შოთა რუსთაველის სახელმწიფო უნივერსიტეტის მთავარი ბიბლიოთეკა ბათუმის შოთა რუსთაველის სახელმწიფო უნივერსიტეტის მთავარი ბიბლიოთეკა წიგნსაცავი 2018-12-17 93.00 327 W-81 54040 2018-12-17 54040 2018-12-17 წიგნი 93.00 GEL.
          ბათუმის შოთა რუსთაველის სახელმწიფო უნივერსიტეტის მთავარი ბიბლიოთეკა ბათუმის შოთა რუსთაველის სახელმწიფო უნივერსიტეტის მთავარი ბიბლიოთეკა წიგნსაცავი 2018-12-17 93.00 327 W-81 54169 2018-12-17 54169 2018-12-17 წიგნი 93.00 GEL.